| 000 | 00367nam a2200145Ia 4500 | ||
|---|---|---|---|
| 008 | 150201s2008 xx 000 0 und d | ||
| 082 |
_a610 _bH08F |
||
| 100 | _aFAUCI, ANTHONY S. | ||
| 245 | _aHARRISON,S INTERNAL MEDICINES-1 | ||
| 250 | _a17TH | ||
| 260 |
_bMC-GRAW HILL _aNEW YORK _c2008 |
||
| 300 | _a1-1364 | ||
| 650 | _aMEDICINE AND DIAGNOSIS | ||
| 942 |
_2ddc _cBK _01 |
||
| 999 |
_c195 _d195 |
||